| 000 | 00591nam a22001817a 4500 | ||
|---|---|---|---|
| 005 | 20140722154832.0 | ||
| 010 | _aENG-109928 | ||
| 020 |
_a9789351430278 _c695.00 |
||
| 035 | _aEN-93461 | ||
| 037 | _bDBAD/PUB | ||
| 082 | _a343.5407 | ||
| 245 | 0 | 0 |
_aEconomic analysis of law : _cedited by Bimal N Patel...[et al] _ban Indian perspective / |
| 260 |
_aGurgaon _bLexis Nexis _c2013 |
||
| 270 |
_a14th Floor, Bldg No.10, Tower-B, DLF Cyber City, Phase-II _bGurgaon _e122002 |
||
| 300 |
_axxi,612p. _c24cm(pbk) |
||
| 700 | _aPatel, Bimal N. | ||
| 942 |
_2ddc _cEN _mECO _h343.5407 |
||
| 999 |
_c84039 _d84039 |
||